000 00322nam a2200133Ia 4500
003 OSt
005 20240219160936.0
008 170524s9999 xx 000 0 und d
020 _a978-9385676451
040 _ciimtu meerut
100 _aSarkar Swapan kumar
245 2 _aA Textbook of Discrete Mathematics
942 _2ddc
_c02
999 _c8772
_d8772